What not how: the business rules approach to application development
Uloženo v:
| Hlavní autor: | |
|---|---|
| Médium: | Kniha |
| Jazyk: | angličtina |
| Vydáno: |
Boston
Addison-Wesley
2000
|
| Témata: | |
| Tagy: |
Přidat tag
Žádné tagy, Buďte první, kdo vytvoří štítek k tomuto záznamu!
|
MARC
| LEADER | 00000nam a2200000 a 4500 | ||
|---|---|---|---|
| 001 | UCL5223 | ||
| 003 | CL-VaPUC | ||
| 008 | 040305e20000000US |||||||||||||||||eng|d | ||
| 020 | |a 0201708507 | ||
| 082 | 0 | 4 | |a 658.403 |b DAT |2 21 |
| 100 | 0 | |a Date, C. J |e author |9 482956 | |
| 245 | 1 | 0 | |a What not how: the business rules approach to application development |
| 300 | |a 131 p | ||
| 942 | |c BK | ||
| 945 | |d 20040305 00:00:00 |a cmena | ||
| 260 | |a Boston |b Addison-Wesley |c 2000 | ||
| 650 | 0 | |a Toma de decisiones |9 257530 | |
| 650 | 0 | |a Gestión de la información |9 362327 | |
| 650 | 0 | |a Planificación estratégica |9 259735 | |
| 583 | |a last modification |c 20040305 00:00:00 |k Rodrigo Vera | ||
| 999 | |c 307877 |d 307875 | ||
| 952 | |0 0 |1 0 |4 0 |6 658_403000000000000_DAT_2000 |7 0 |8 A |9 374018 |a BIBING |b BIBING |d 2019-11-21 |i 3987825 |o 658.403 DAT 2000 |p 3987825 |r 2025-01-20 |w 2019-11-21 |y BK |k CCI | ||